APES 2012 Jake Stevenson Ch 17 Quiz Stats

Quiz not verified by Sporcle

Challenge
Share
Tweet
Embed
Score 0/13 Timer 10:00
0 Plays Today
definition word % Correct
Probability of suffering harm from a hazard that can cause injury, damage or deathrisk
100%
using statistical methods to estimate how much harm a particular hazard can causerisk assessment
100%
chemicals that cause harm or birth defects to a fetus or embryoteratogen
100%
When a pathogen invades the body and multiplies infectious disease
87.5%
newly discovered disease within last 20 yearsemergent disease
87.5%
chemicals, types of radiation, or certain viruses that can cause cancercarcinogen
87.5%
chemical that can cause temporary or permanent harm or death to humans and animalstoxic chemical
87.5%
things that cause increase in frequency or mutationsmutagen
87.5%
the amount of a toxic chemical that a person has taken indose
87.5%
measure of the harmfulness of a substancetoxicity
87.5%
damage to health caused by a chemicalresponse
75%
an infectious disease that can be transmitted from person to persontransmittable disease
50%
how scientists estimate the toxicity of a chemical by determining the effects of various doses of the chemical on test organisms and plot the results on a ...dose response curve
37.5%

You're not logged in!

Compare scores with friends on all Sporcle quizzes.
Join for Free
OR
Log In

You Might Also Like...

Show Comments

Extras

Top Quizzes Today


Score Distribution

Your Account Isn't Verified!

In order to create a playlist on Sporcle, you need to verify the email address you used during registration. Go to your Sporcle Settings to finish the process.

Report this User

Report this user for behavior that violates our Community Guidelines.

Details: